000 00304nam a2200145 a 4500
005 20140414131927.0
008 101027s19uu xx 00 eng d
050 _aER
_bP96
100 _a
245 _aPuss in boots.
260 _bFroebel-Kan.
440 _a
650 _aFables
999 _c112052
_d112052